000 00450nam a2200145Ia 4500
008 100204s9999 xx 000 0 und d
082 _b66
100 _aशेंडे. ना. रा.
245 _aतांबडा उगड !
260 _b"सुनील प्रकाशन , नागपूर"
_c"1977,2"
300 _a134
630 _aतांबडा उगड !
730 _aतांबडा उगड !
942 _cBOOK
999 _c445263
_d445260